000 00689nam a22002177a 4500
003 UA-OsUOA
001 74331
007 ta
008 20110404b un ||||| |||| 00| 0 ukr d
090 _a821.161.2 - 1
_bУ45
942 _cBK
040 _aUA-OsUOA
_bukr
_cUA-OsUOA
_dUA-OsUOA
245 _aУкраїнська духовна поезія XVII - XX ст.
_bантологія
_cред.-упоряд. Є.Рязанов
300 _a160 с.
955 _a2
041 _aukr
080 _a821.161.2 - 1
260 _aК.
_bОП "Житомирська облдрукарня"
_c1996
650 7 _a82 Література. Літературознавство
_2UDC
999 _c360620
_d360620